कार्ल गुस्ताव यूंग (Record no. 1010225)

MARC details
000 -LEADER
fixed length control field 01011nam a2200253Ia 4500
003 - CONTROL NUMBER IDENTIFIER
control field OSt
005 - DATE AND TIME OF LATEST TRANSACTION
control field 20221005103513.0
008 - FIXED-LENGTH DATA ELEMENTS--GENERAL INFORMATION
fixed length control field 221004b |||||||| |||| 00| 0 hin d
037 ## - SOURCE OF ACQUISITION
Terms of availability Textual
040 ## - CATALOGING SOURCE
Original cataloging agency CRL
Transcribing agency CRL
Language of cataloging hin
041 ## - LANGUAGE CODE
Source of code hin
Language code of text/sound track or separate title hin
100 ## - MAIN ENTRY--PERSONAL NAME
Personal name उपाध्याय, भवानीशंकर
245 #0 - TITLE STATEMENT
Title कार्ल गुस्ताव यूंग
Remainder of title विश्लेड्ढणात्मक मनोविज्ञान
246 ## - VARYING FORM OF TITLE
Title proper/short title Kārla gustāv yūanga: vishleḍḍhaṇātmak manovijnyāna
260 ## - PUBLICATION, DISTRIBUTION, ETC.
Place of publication, distribution, etc. जयपुर
Name of publisher, distributor, etc. राजस्थान हिन्दी ग्रन्थ अकादमी भारत
Date of publication, distribution, etc. 1983
300 ## - PHYSICAL DESCRIPTION
Extent 340पृ0
Dimensions cm.
650 ## - SUBJECT ADDED ENTRY--TOPICAL TERM
Topical term or geographic name entry element मनोविज्ञान
942 ## - ADDED ENTRY ELEMENTS (KOHA)
Classification part S, 152M3
Koha item type Textual
Source of classification or shelving scheme
Holdings
Withdrawn status Lost status Damaged status Not for loan Home library Current library Date acquired Source of acquisition Total Checkouts Full call number Barcode Date due Date last seen Date last checked out Price effective from Koha item type
        Central Library Arts Library 2022-10-05 Gift, 24/05/2013, 2 S 152M3 CL1515859 2026-05-01 2026-04-01 2026-04-01 2022-10-05 Textual
Copyright @ Delhi University Library System